000 00907nam a2200289 a 4500
001 65289
003 BD-RjUL
005 20211209081415.0
008 170304s1975 nyu b 001 0 eng
020 _a0121994503
035 _a(BD-RjUL)65419
040 _aDLC
_cDLC
_dBD-RjUL
_beng
041 _aeng
082 0 0 _a519.53
_223
_bCUD 1975
100 1 _aCuppens, Roger.
_9193249
245 1 0 _aDecomposition of multivariate probabilities /
_cRoger Cuppens.
260 _aNew York :
_bAcademic Press,
_c1975.
300 _axv, 244 p. ;
_c24 cm.
490 0 _aProbability and mathematical statistics ; v. 29
500 _aIncludes index.
504 _aBibliography: p. 236-242.
650 0 _aProbabilities.
_9193250
650 0 _aDecomposition (Mathematics)
_9193251
650 0 _aMultivariate analysis.
_9176949
830 _aProbability and mathematical statistics ; v. 29
_9193253
942 _2ddc
_cBK
999 _c65289
_d65289